000 00294nam a22001337a 4500
008 171107b xxu||||| |||| 00| 0 eng d
020 _a2901118334323
041 _aeng
080 _a330.722.6
100 _a62
101 _aKON
245 _aFINANCIAL ACCOUNTING
_cWEYGANDT
942 _2udc
_cBK
999 _c38065
_d38065